Manual d'ús de l'aplicatiu informàtic XISSAP
Publicado:
Barcelona :
Diputació de Barcelona. Àrea de Benestar Social. Oficina Tècnica de Planificació ,
2006
Descripción Física:
125 p. : quadres ; 29 cm
MARC
| LEADER | 00000nam a2200000Ia 4500 | ||
|---|---|---|---|
| 001 | 22281 | ||
| 008 | 160829s2006 xx 000 0 cat d | ||
| 080 | |a S-1-309 | ||
| 245 | |a Manual d'ús de l'aplicatiu informàtic XISSAP | ||
| 260 | |a Barcelona : |b Diputació de Barcelona. Àrea de Benestar Social. Oficina Tècnica de Planificació, |c 2006 | ||
| 300 | |a 125 p. : |b quadres ; |c 29 cm | ||
| 590 | |a XISSAP (Xarxa d'Informació dels Serveis Socials d'Atenció Primària) gestiona expedients d'usuaris dels serveis socials | ||
| 650 | 0 | |a Serveis socials |x Barcelona (Catalunya : Província) |x Programaris |9 41328 | |
| 710 | 1 | |a Barcelona (Catalunya : Província). |b Oficina Tècnica de Planificació |9 54978 | |
| 901 | |a Arxiu | ||
| 942 | |n 1 | ||
| 952 | |0 0 |1 0 |4 0 |6 S1309 |7 1 |9 50167 |a Arxiu |b Arxiu |d 2016-12-01 |l 0 |o S-1-309 |p 22281 |r 2016-12-01 00:00:00 |w 2016-12-01 |y ARXIU | ||
| 999 | |c 54009 |d 54009 | ||